000
00304nam a22001337a 4500
003
SGT
082
_a
617
_b
B13W
100
_a
WILLIAMS. NORMAN S.
245
_a
BAILEY & LOVE'S SHORT PRACTICE OF SURGERY
260
_a
NEW YORK
_b
CRC
_c
2013
300
_a
2013
650
_a
SURGERY
942
_2
ddc
_c
BK
_0
12
999
_c
10537
_d
10537